Retos de la dirección de personas: una mirada desde la alta dirección sobre la función de Recursos Humanos (Registro nro. 3115)
[ vista simple ]
| 000 -CABECERA | |
|---|---|
| campo de control de longitud fija | 00838atm a2200277 4500 |
| 005 - FECHA Y HORA DE ACTUALIZACIÓN | |
| campo de control | 20170407153538.0 |
| 008 - LONGITUD FIJA | |
| campo de control de longitud fija | 150626b xxu||||| |||| 00| 0 spa d |
| 020 ## - INTERNATIONAL STANDARD BOOK NUMBER | |
| Número Internacional Estándar del Libro | 9788483228166 |
| 041 ## - IDIOMA | |
| Código de idioma del texto/pista de sonido o título separado | |
| 082 ## - CLASIFICACIÓN DECIMAL DEWEY | |
| Número de clasificación | 658.3 Q7r |
| 100 ## - AUTOR PERSONAL | |
| Nombre de persona | Quintanilla, Javier |
| 100 ## - AUTOR PERSONAL | |
| Nombre de persona | Poal, Gloria |
| 100 ## - AUTOR PERSONAL | |
| Nombre de persona | Gutiérrez, Susana |
| 100 ## - AUTOR PERSONAL | |
| Nombre de persona | Sánchez Runde, Carlos |
| 245 ## - TÍTULO PROPIAMENTE DICHO | |
| Título | Retos de la dirección de personas: una mirada desde la alta dirección sobre la función de Recursos Humanos |
| 260 ## - PIE DE IMPRENTA | |
| Lugar de publicación, distribución, etc. | España |
| 260 ## - PIE DE IMPRENTA | |
| Nombre del editor, distribuidor, etc. | Prentice Hall |
| 260 ## - PIE DE IMPRENTA | |
| Fecha de publicación, distribución, etc. | 2012 |
| 300 ## - DESCRIPCIÓN FÍSICA | |
| Extensión | 153 páginas |
| 650 ## - Materia General | |
| Materia general | RECURSOS HUMANOS |
| 650 ## - Materia General | |
| Materia general | DEPARTAMENTO DE RECURSOS HUMANOS |
| 650 ## - Materia General | |
| Materia general | COMPETENCIAS PROFESIONALES |
| 650 ## - Materia General | |
| Materia general | VALORES |
| 650 ## - Materia General | |
| Materia general | MISIÓN |
| 942 ## - Punto de Acceso Adicional Koha | |
| Tipo de ítem Koha | Libro |
| Estado perdido | Fuente de clasificación o esquema de estantería | Estado dañado | No para préstamo | Biblioteca permanente | Biblioteca actual | Signatura completa | Código de barras | Precio efectivo a partir del | Programa Académico | Tipo de ítem |
|---|---|---|---|---|---|---|---|---|---|---|
| Dewey Decimal Classification | Departamento de Biblioteca y Documentación Alfonso Chase Brenes | Departamento de Biblioteca y Documentación Alfonso Chase Brenes | 658.3 Q7r | 17957 | 13/10/2016 | Libro | ||||
| Dewey Decimal Classification | Departamento de Biblioteca y Documentación Alfonso Chase Brenes | Departamento de Biblioteca y Documentación Alfonso Chase Brenes | 658.3 Q7r | 22072 | 07/04/2017 | Libro |